Pecado original / (Registro nro. 12703)

Detalles MARC
000 -LIDER
fixed length control field 00734nam a22002297a 4500
003 - IDENTIFICACDOR DE NÚMERO DE CONTROL
control field DO-SdBNP
005 - DATE AND TIME OF LATEST TRANSACTION
control field 20171208150735.0
008 - ELEMENTOS DE LONGITUD FIJA
fixed length control field 171026b 2012|||| |||| 00| 0 spa d
020 ## - ISBN
International Standard Book Number 9788498008104
040 ## - FUENTE DE CATALOGACIÓN
Agencia que crea de manera original el registro BPMSU
Idioma de catalogación spa
Agencia que realiza la transcripción BPMSU
100 1# - ASIENTO PRINCIPAL -- NOMBRE PERSONAL
Nombre personal Desrochers, Lisa
245 1# - MENCIÓN DE TITULO
Título Pecado original /
Mención de responsabilidad Lisa desrochers ; traducción María Vall Personat
260 ## - PUBLICACIÓN, DISTRIBUCIÓN, ETC. (PIE DE IMPRENTA)
Lugar de publicación, distribución, etc Madrid :
Nombre del editor, distribuidor, etc. La factoría de ideas ;
Fecha de publicación, distribución, etc 2012.
300 ## - DESCRIPCIÓN FÍSICA
Extensión 287 p. ;
Dimensiones 23 cm.
490 1# - MENCIÓN DE SERIES
Mención de serie Demonios personales
Volume/sequential designation 2
500 ## - NOTA GENERAL
Nota general Incluye datos personales del autor en las solapas
700 1# - ASIENTO SECUNDARIO -- NOMBRE PERSONAL
Nombre personal Vall Personat, María,
Mención de responsabilidad tr.
830 #0 - ASIENTO SECUNDARIO DE SERIE--TÍTULO UNIFORME
Título uniforme Demonios personales
Número de la parte o sección de una obra 2
942 ## - ADDED ENTRY ELEMENTS (KOHA)
Source of classification or shelving scheme Dewey Decimal Classification
Koha item type Libros
945 ## - INFORMACIÓN DE PROCESAMIENTO LOCAL
Información de procesamiento local Inventariado extranjero / 2017 YL
956 ## - LOCAL ELECTRONIC LOCATION AND ACCESS (OCLC)
Nombre de host BTAVAREZ
Número de acceso 10
Información de compresión 20172610
Trayectoria 0038
Existencias
Withdrawn status Lost status Source of classification or shelving scheme Damaged status Not for loan Collection code Home library Current library Date acquired Source of acquisition Cost, normal purchase price Total Checkouts Barcode Date last seen Price effective from Koha item type
    Dewey Decimal Classification     Colección General Biblioteca Pública Metropolitana Salomé Ureña Biblioteca Pública Metropolitana Salomé Ureña 10/26/2017 COMPRA 200.00   BPMSU17100160 10/26/2017 10/26/2017 Libros